[Event "XXX Torre Memorial 2018"]
[Site "Merida"]
[Date "2018.12.16"]
[Round "5"]
[White "Almeida Quintana, Omar"]
[Black "Ordaz Valdes, Lisandra Teresa"]
[Result "1-0"]
[WhiteElo "2545"]
[BlackElo "2397"]
[Annotator "TA"]
[PlyCount "196"]
[EventDate "2018.12.15"]
[EventType "swiss"]
[EventCountry "MEX"]
[SourceTitle "playchess.com"]
[Source "ChessBase"]
[SourceQuality "1"]

{[%evp 19,196,11,25,-27,-23,-67,-73,-79,-59,-60,-51,-72,-56,-79,-74,-132,-139,-168,-189,-164,-181,-174,-14,-8,0,0,11,0,0,-5,16,8,22,0,0,-1,0,0,12,0,0,0,0,0,88,84,81,32,88,88,88,88,88,95,95,95,95,95,95,88,95,95,95,88,95,88,95,95,95,88,95,95,95,88,95,88,88,88,88,88,88,88,88,88,102,88,88,88,95,93,95,82,87,87,95,95,123,123,123,123,123,131,150,131,138,49,49,4,12,8,77,80,123,0,57,12,49,8,123,123,123,96,88,63,130,52,233,52,93,59,59,59,59,59,59,52,52,52,138,138,164,164,150,52,138,138,139,139,164,164,164,139,164,164,162,139,139,0,153,51,51,51,59,59,140,33,131,131,131,47,135,48,128,128,205,205,205,205,210]} 1. d4 d5 2. Nf3 Nf6 3. c4 e6 4. Nc3 Bb4 5. Qa4+ Nc6 6. e3 O-O 7. Bd2 a6 8. Qc2 {D38: Queen's Gambit Declined: Ragozin Defence (4 Nf3 Bb4)} Re8 9. a3 Bd6 10. h3 Bd7 {LiveBook: 4 Games} 11. b4 $146 (11. Rd1 $142) ({Predecessor:} 11. Be2 dxc4 12. Bxc4 h6 13. O-O e5 14. Rae1 Qe7 {½-½ (53) Aronian,L (2793)-Giri,A (2771) Stavanger 2017}) 11... e5 $11 12. dxe5 Nxe5 ({Of course not} 12... Bxe5 13. cxd5 Nxd5 14. Bd3 $11) 13. cxd5 Nxf3+ 14. gxf3 c6 15. dxc6 Bxc6 16. Be2 Rc8 17. Rg1 (17. Qb3 $142) 17... Qd7 $17 18. Qd3 Qe6 $1 19. b5 axb5 20. Nxb5 Bxb5 $2 (20... Be5 $1 $19 21. Nd4 Qxh3) 21. Qxb5 $11 Be5 22. Rd1 Rc2 23. Qd3 Rec8 24. Bb4 Bc3+ 25. Bxc3 R2xc3 26. Qb5 Rxa3 27. Qxb7 Rac3 28. Rg3 Rc1 29. Kf1 Nh5 30. Rg4 Nf6 31. Rh4 g6 (31... g5 $1 $11 32. Rhd4 (32. Rh6 $2 Rxd1+ 33. Bxd1 Rc1 $19) 32... Qxh3+ 33. Kg1 Kg7) 32. Kg2 $16 R1c2 33. Qa6 {Rd6 is the strong threat.} (33. Bd3 {feels hotter.} R8c7 34. Qa8+ Rc8 35. Qa4 R2c5 36. Rd4) 33... Qxa6 (33... Nd5 $14 34. Re4 Qxa6 35. Bxa6 Nc3) 34. Bxa6 R8c6 35. Ra4 R6c5 36. f4 Rb2 37. Bc4 Kg7 38. Rd4 Rc7 39. Kf3 Rc2 40. Bb3 Rb2 41. Rdb4 Rd7 42. Bc4 Rc2 43. Ra2 Rc1 44. Rab2 Rc7 45. Ba2 Ra1 46. Bb1 Raa7 47. Ra2 Nd5 48. Rd4 Rxa2 49. Bxa2 {[%mdl 4096] Endgame KRB-KRN} Ne7 50. Rb4 Nf5 51. Bb1 Ne7 52. Rd4 Rc1 53. Bd3 Rc7 54. e4 {[%cal Be3e4,Be4e5][%mdl 32]} Ng8 55. Bc4 Nf6 56. Ke3 Ra7 57. e5 Nd7 58. Rd6 Nf8 59. Rf6 Re7 60. Kd4 Ra7 61. h4 h5 62. Rd6 (62. Kd3 $16) 62... Ra4 $14 63. Kc3 {White wants to play f5.} Ra3+ 64. Kb4 Ra7 (64... Rh3 $11 {remains equal.}) 65. Rf6 $16 Nh7 66. Rd6 (66. Rc6 $16) 66... Nf8 $14 67. Bd5 Rc7 (67... Ne6 $5) 68. Kb5 Ra7 (68... Ne6 $11) 69. Kb6 $16 Re7 70. Kc6 Ra7 71. Bc4 Re7 (71... Ra4 $14 72. Kb5 Ra7) 72. Rd8 (72. Kc5 $1 $16) 72... Ra7 $2 (72... Ne6 $14 73. Kd6 Ra7 74. Bxe6 Ra6+ 75. Kc5 Rxe6) 73. Kd6 $2 ({White has to play} 73. Rc8 $1 $18) 73... Rb7 74. Re8 Rd7+ $1 75. Kc5 Rc7+ 76. Kd4 Rd7+ 77. Ke4 Rc7 $1 {[%cal Rc7c4]} 78. Bd5 Ra7 (78... Nd7 $14) 79. Ra8 Rc7 80. Rb8 Nd7 81. Rd8 (81. Rb5 $1 $16) 81... Nf8 (81... Nb6 $14) 82. Rd6 Ra7 83. Rf6 Nh7 84. Rb6 Ra4+ 85. Ke3 Ra3+ 86. Rb3 Ra5 87. Bc4 Ra7 88. Bd5 Ra5 $1 {[%cal Ra5d5]} 89. Rd3 (89. Ke4 $16 {And now Rb7 would win.} Ra4+ 90. Ke3 Ra5) 89... Nf8 $14 90. Ke4 Nd7 91. Rc3 {Strongly threatening Rc7.} Ra7 (91... Nb6 $14 92. Bb3 Na4 93. Bxa4 Rxa4+ 94. Kf3 Kf8) 92. f5 (92. Kd4 $16) 92... gxf5+ (92... Ra4+ $14 93. Rc4 gxf5+ 94. Kxf5 Ra5) 93. Kxf5 $16 Ra5 {[#]} 94. Rd3 ({Better is} 94. Rg3+ $1 $16 Kf8 95. Rd3) 94... Nf8 ({Black should try} 94... f6 $1 $14) 95. Kg5 (95. f4 $16 Ng6 96. Kg5) 95... Ng6 (95... Nd7 $14) 96. f4 Ne7 {[#]} (96... Rc5 $16 {keeps fighting.} 97. Rd2 Ra5) 97. Be4 $1 $18 f6+ 98. Kxh5 fxe5 {Accuracy: White = 47%, Black = 40%.} 1-0

[Event "XXX Torre Memorial 2018"]
[Site "Merida"]
[Date "2018.12.16"]
[Round "5"]
[White "Ortiz Suarez, Isan Reynaldo"]
[Black "Bok, Benjamin"]
[Result "1/2-1/2"]
[WhiteElo "2514"]
[BlackElo "2643"]
[Annotator "TA"]
[PlyCount "67"]
[EventDate "2018.12.15"]
[EventType "swiss"]
[EventCountry "MEX"]
[SourceTitle "playchess.com"]
[Source "ChessBase"]
[SourceQuality "1"]

{[%evp 21,67,-6,0,-18,-7,-3,0,0,0,-18,0,-19,-11,-35,-28,-28,-24,-35,-24,-59,-24,-27,-24,-31,-9,-22,-24,-33,-17,-6,0,-19,0,0,0,0,0,0,15,16,8,19,12,13,10,0,12,5]} 1. Nf3 d5 2. g3 c6 3. Bg2 Bg4 4. c4 e6 5. cxd5 exd5 6. O-O Nf6 7. d3 Nbd7 8. h3 Bxf3 9. Bxf3 Bc5 10. Bg2 O-O {A11: English Opening: 1...c6} 11. Nc3 Re8 {LiveBook: 12 Games} 12. Bd2 $146 ({Predecessor:} 12. Kh2 d4 13. Ne4 Nxe4 14. Bxe4 Bd6 15. Kg2 a5 16. h4 Ne5 17. Bd2 Qd7 18. Kg1 {1-0 (90) Grigoryan,K (2604)-Dreev,A (2673) Warsaw 2013}) 12... Qe7 13. Rc1 d4 14. Ne4 Nxe4 15. Bxe4 Bb4 16. Bxb4 Qxb4 17. Rc2 Qd6 18. Bg2 Re5 19. Qd2 Rae8 20. b4 Nb6 {[%cal Bd7b6,Bb6a4,Ba4c3][%mdl 32]} 21. Bf3 a6 22. Kg2 h6 23. Rfc1 Na4 24. Rc4 Nc3 {[%cal Rc3e2]} 25. Qf4 {The position is equal.} Qe7 ({Reject} 25... Nxa2 $6 26. Rxd4 g5 27. Rxd6 $16) 26. Rxd4 Nxe2 27. Bxe2 Rxe2 28. a4 Rd8 29. Rcc4 Re6 30. Rxd8+ Qxd8 31. Rd4 Qe7 32. Qb8+ Kh7 33. Qc8 Rf6 34. Qg4 {Accuracy: White = 58%, Black = 33%.} 1/2-1/2

[Event "XXX Torre Memorial 2018"]
[Site "Merida"]
[Date "2018.12.16"]
[Round "5"]
[White "Rios, Cristhian Camilo"]
[Black "Vorontsov, Pavlo"]
[Result "1/2-1/2"]
[WhiteElo "2467"]
[BlackElo "2548"]
[Annotator "TA"]
[PlyCount "98"]
[EventDate "2018.12.15"]
[EventType "swiss"]
[EventCountry "MEX"]
[SourceTitle "playchess.com"]
[Source "ChessBase"]
[SourceQuality "1"]

{[%evp 11,98,12,23,9,9,0,0,0,27,-48,-46,-50,-48,-58,-30,-19,-22,-19,-10,-22,-21,-16,0,0,0,-8,15,-6,0,-12,-8,-25,-25,-26,-13,-27,-18,-37,-21,-31,-31,-31,-31,-31,-31,-37,-14,-34,-35,-36,-31,-35,-31,-33,-28,-44,-27,-31,-29,-31,-31,-94,-95,-133,-132,-179,-107,-93,-96,-107,-80,-240,-97,-95,-98,-104,-15,-23,-25,-45,-42,-57,0,-20,0,-58,0,0,0]} 1. d4 Nf6 2. c4 e6 3. Nc3 Bb4 4. Qc2 d6 5. Bg5 Nbd7 6. e3 c5 {LiveBook: 31 Games} 7. Nge2 {E32: Nimzo-Indian: Classical (4 Qc2): 4...0-0} Qa5 8. Bh4 $146 ({Predecessor:} 8. a3 cxd4 9. Bxf6 Nxf6 10. exd4 O-O 11. Rd1 Bxc3+ 12. Nxc3 b6 13. Bd3 Bb7 14. O-O Qh5 {0-1 (65) Lenic,L (2656)-Melkumyan,H (2660) chess.com INT 2018}) 8... cxd4 9. exd4 d5 10. cxd5 ({Better is} 10. c5 $1 $11) 10... Nxd5 $15 11. a3 O-O 12. Rc1 Be7 13. Bxe7 Nxe7 14. g3 b5 15. Bg2 Rb8 $1 16. O-O Bb7 17. Bxb7 Rxb7 18. Ne4 Nd5 19. Qb3 N7f6 20. Nc5 Rc7 21. Qd3 Qb6 22. b4 h6 23. Rc2 Ra8 24. Rb1 a6 25. Nc1 Rd8 26. N1b3 Ne7 27. Qf3 Nf5 28. Rd1 Rd5 29. Qf4 Re7 {[%cal Bc7e7,Be7e8,Be8d8,Bd8d5][%mdl 32]} 30. Re2 Re8 31. Re5 Red8 32. Rxd5 Rxd5 33. Rd2 Rd6 34. Qe5 Qc6 35. Rd3 Qa8 36. Na5 {[#]} (36. Rd1 $15) 36... Rd5 $1 $17 {[%cal Rd5e5]} 37. Qc7 Nxd4 {Hoping for ...Ne2+.} 38. Nab7 Ng4 ({Black should play} 38... e5 $19 {White must now prevent ...e4.} 39. f3 Ne8) 39. Kg2 e5 40. f3 Nf6 41. Re3 $2 {[#]} (41. Nd6 $17) 41... Qe8 (41... Ne8 $1 $19 {[%cal Re8c7] has better winning chances.} 42. Qb6 Nf5) 42. Nd6 Qf8 43. Ndb7 Ne6 (43... Nc2 $17 44. Re2 Nxa3 45. Nxa6 Nc4) 44. Nxe6 $11 fxe6 45. Qc6 Rd2+ 46. Kg1 Rd1+ 47. Kg2 Rd2+ 48. Kg1 $1 Rd1+ (48... Nd5 $15 49. Qxe6+ Kh8 50. Rxe5 Qxf3 51. Qc8+ Kh7 52. Qf5+ Qxf5 53. Rxf5 Ne3) 49. Kg2 Rd2+ {Accuracy: White = 44%, Black = 44%.} 1/2-1/2

[Event "XXX Torre Memorial 2018"]
[Site "Merida"]
[Date "2018.12.16"]
[Round "5"]
[White "Vitier Vazquez, Cristian"]
[Black "Martinez Duany, Lelys Stanley"]
[Result "0-1"]
[WhiteElo "2392"]
[BlackElo "2536"]
[Annotator "TA"]
[PlyCount "144"]
[EventDate "2018.12.15"]
[EventType "swiss"]
[EventCountry "MEX"]
[SourceTitle "playchess.com"]
[Source "ChessBase"]
[SourceQuality "1"]

{[%evp 16,144,68,67,85,56,56,56,62,62,93,80,94,57,80,85,81,84,140,106,124,94,117,65,59,61,78,79,77,15,152,99,120,95,194,83,95,86,106,71,167,120,168,0,0,-29,-37,-24,0,-21,-25,-37,-25,-36,-33,-36,-36,-61,-36,-90,208,209,208,60,74,46,125,0,0,0,0,-15,0,0,0,-18,0,0,0,0,0,0,26,0,8,-19,0,-17,0,0,0,0,21,21,21,6,9,0,0,0,0,0,0,0,0,-8,0,0,0,-8,-8,-29970,-29971,-29970,-29970,-29971,-12796,-29972,-29973,-29976,0,0,0,0,0,0,0,-29979,-29980,-29979,-29979]} 1. d4 Nf6 2. c4 c5 3. d5 e5 4. Nc3 d6 5. e4 Be7 6. g3 Nbd7 7. Bg2 O-O 8. Nge2 Ne8 9. O-O {LiveBook: 97 Games} Rb8 {A56: Czech Benoni} (9... g6 10. Be3 Ng7 11. Kh1 Kh8 12. Qd2 Nf6 13. f4 exf4 14. gxf4 Re8 15. Bg1 Ngh5 16. e5 dxe5 17. fxe5 Ng4 {0-1 (45) Gelfand,B (2723)-Aronian,L (2752) Monte Carlo 2006}) 10. Be3 g6 11. Bh6 Ng7 {White is slightly better.} 12. Qd2 Nf6 13. h3 $146 ({Predecessor:} 13. f3 a6 14. a4 Bd7 15. Nc1 b5 16. axb5 axb5 17. cxb5 Bxb5 18. Nxb5 Rxb5 {1-0 (32) Stolz,P (2208)-Mataix Arbona,C (1878) ICCF email 2010}) 13... Kh8 14. Rae1 Ng8 15. Be3 $1 f5 16. f4 exf4 ({Better is} 16... a6) 17. Bxf4 g5 18. Be3 Nh6 {[%cal Bg8h6,Bh6f7,Bf7e5][%mdl 32]} 19. Rf2 (19. Qc2 $16) 19... Nf7 $1 $14 20. Ref1 {[%cal Re4f5]} Ne5 21. b3 Bd7 22. Qc2 (22. Kh2 $16) 22... Qc8 (22... f4 $1 $11 {keeps the balance.} 23. gxf4 gxf4 24. Bxf4 (24. Rxf4 Rg8 $17) 24... Bh4) 23. Kh2 (23. exf5 $142 $1 Bxf5 24. Ne4) 23... Rf7 24. Bc1 Qf8 (24... f4 $16 {keeps fighting.}) 25. Nd1 (25. exf5 $1 $18 {and White stays clearly on top.} Nxf5 26. g4) 25... b5 $16 26. Ne3 {[%cal Re4f5]} bxc4 27. bxc4 {[%cal Re4f5]} Rb4 (27... f4 $16 {was worth a try.}) 28. exf5 $18 Ba4 29. Qe4 $2 (29. Qd2 $1 $18) 29... Nh5 30. Bh1 Nf6 $36 {[%mdl 2048] Black fights for an advantage.} 31. Qg2 Qh6 {Strongly threatening ...Nfg4+.} 32. Kg1 Nxc4 33. Nxc4 Rxc4 34. Bb2 Kg8 35. Nc3 g4 36. h4 Qe3 37. Nxa4 Ne4 $2 {[%mdl 8192]} (37... Nh5 $1 $17 {[%cal Rh5g3] keeps the pressure on.} 38. Kh2 Bxh4 39. gxh4 g3+ {[%mdl 64] Double Attack, Discovered Attack} 40. Kh3 Qe7) 38. Bc1 $1 {[%cal Rc1e3]} Qxg3 39. Qxg3 (39. Rf4 $18 Qxg2+ 40. Bxg2 Rxa4 41. Rxg4+ Rg7 42. Rff4) 39... Nxg3 $14 40. Nb2 Rd4 (40... Rc3 $14) 41. Rd1 (41. f6 $16 Bd8 42. Re1 Bxf6 43. Bg2) 41... Rxd1+ $11 42. Nxd1 {And now Rg2 would win.} Bxh4 43. Bg2 Nxf5 44. Re2 h5 45. Bb2 Bf6 46. Bxf6 Rxf6 47. Nf2 Nd4 48. Re3 a5 49. a4 (49. Ne4 $5 {[%cal Re4f6]} Rg6 50. Bf1 $11) 49... Rf4 50. Re4 Rf7 51. Re3 Rb7 52. Ne4 Nf5 53. Re1 Kg7 54. Rf1 Rf7 55. Ng5 Rf6 56. Ne4 Rf8 57. Ng5 {Threatens to win with Ne6+.} Nd4 {aiming for ...Rxf1+.} 58. Rxf8 Kxf8 59. Ne4 Ke7 60. Kf2 Nf5 61. Bf1 h4 {[%cal Bh5h4,Bh4h3][%mdl 32]} 62. Bd3 h3 63. Ng3 $2 {[%mdl 8192] [#]} (63. Ba6 $11) 63... Nxg3 $1 64. Kxg3 {[%mdl 4096] Endgame KB-KP} Kf6 65. Be2 Ke5 66. Bxg4 c4 67. Kxh3 {[#]} Kxd5 $2 {KB-K3P} (67... c3 $1 {mates} 68. Bd1 Kxd5 69. Bb3+ Kd4 70. Kg3 Kd3 71. Bd5 c2 72. Kg4 c1=Q 73. Kf5 Kd4 74. Be6 d5 75. Kg4 Qc2 76. Bg8 Qg6+ 77. Kf3 Qxg8 78. Kf4 Qg6 79. Kf3 Qg5 80. Kf2 Qg4 81. Ke1 Ke3 82. Kf1 d4 83. Ke1 Qg1#) 68. Kg3 Ke4 69. Kf2 Kd3 70. Be2+ Kc3 71. Bf3 $2 {[%mdl 8192]} (71. Ke3 $11) 71... Kd2 72. Be4 c3 {Accuracy: White = 41%, Black = 45%.} 0-1

[Event "XXX Torre Memorial 2018"]
[Site "Merida"]
[Date "2018.12.17"]
[Round "6"]
[White "Albornoz Cabrera, Carlos Daniel"]
[Black "Baryshpolets, Andrey"]
[Result "1/2-1/2"]
[WhiteElo "2559"]
[BlackElo "2578"]
[Annotator "TA"]
[PlyCount "120"]
[EventDate "2018.12.15"]
[EventType "swiss"]
[EventCountry "MEX"]
[SourceTitle "playchess.com"]
[Source "ChessBase"]
[SourceQuality "1"]

{[%evp 22,120,22,22,3,0,30,0,22,0,0,0,0,-113,-45,-33,33,41,35,33,103,105,118,119,110,120,111,80,76,66,76,80,91,100,104,74,98,60,52,45,128,70,82,85,136,64,70,62,81,78,89,90,86,83,149,147,189,178,150,123,131,112,164,120,201,166,374,373,355,356,491,491,491,491,404,342,335,314,251,36,83,12,12,12,12,0,0,0,0,0,0,0,0,0,0,0,0,0,0,0,0]} 1. e4 e5 2. Nf3 Nc6 3. Bb5 a6 4. Ba4 Nf6 5. O-O Nxe4 6. d4 b5 7. Bb3 d5 8. dxe5 Be6 9. Nbd2 Nc5 10. c3 d4 {C80: Open Ruy Lopez: Sidelines and 9 Nbd2} (10... Be7 11. Bc2 d4 12. Nb3 d3 13. Bb1 Nxb3 14. axb3 Bf5 15. Be3 O-O 16. Bd4 Qd5 17. Re1 d2 18. Re2 Bxb1 19. Rxb1 Nxd4 20. Nxd4 {1-0 (64) Caruana,F (2827)-Mamedyarov,S (2820) Batumi 2018}) 11. Bc2 d3 12. Bb1 {LiveBook: 3 Games} Qd5 13. Re1 $146 ({Predecessor:} 13. Ng5 Be7 14. Nxe6 Nxe6 15. a4 Nxe5 16. Ba2 Nc4 17. axb5 Nf4 18. Qg4 {1-0 (47) Savchenko,B (2607)-Sokolov,I (2626) Dubai 2016}) 13... O-O-O 14. Re3 Bf5 15. Nh4 g6 {aiming for ...Bh6.} 16. Nxf5 gxf5 17. b4 (17. a4 $11 {remains equal.}) 17... Rg8 (17... Nxe5 $17 18. bxc5 Bxc5) 18. Qf3 $15 f4 (18... Qxf3 $15 19. Rxf3 Nxe5 20. Rxf5 Na4 21. Rxe5 Bg7) 19. Qxd5 $14 Rxd5 20. Rh3 $1 Ne6 (20... Na4 $14) 21. Rxd3 $16 Rxe5 22. Nf3 $36 {[%mdl 2048] White has strong initiative.} Rh5 23. a4 Bg7 24. axb5 Nxb4 25. Rd1 $1 Rxb5 26. Ra3 $1 ({Much worse is} 26. Bxh7 $6 Rh8 $11) 26... Nc6 27. Bxh7 Rd8 28. Rxd8+ Kxd8 29. Be4 Rc5 30. Rxa6 Ne5 (30... Ncd4 $14 31. Ba3 (31. Nxd4 Bxd4 32. h3 Rxc3 $16) 31... Rxc3) 31. h4 (31. Ba3 $1 $16) 31... Nxf3+ 32. Bxf3 {Bc6 is the strong threat.} Bxc3 {[#]} (32... Rxc3 $142 33. Ba3 Nd4) 33. Bg4 (33. Ba3 $1 $16 Re5 34. Bc6) 33... Bd4 34. Ra8+ Kd7 {[#]} 35. Bxe6+ $1 Kxe6 36. Bxf4 {[%mdl 4096] Endgame KRB-KRB} Rc2 37. Be3 Bxe3 {KRB-KR} (37... c5 $142) 38. Re8+ Kf5 39. Rxe3 $18 {KR-KR} c5 40. Rf3+ Ke6 41. Kf1 Rc4 (41... c4 $16) 42. g3 {[%cal Bg2g3,Bg3g4][%mdl 32]} Rd4 (42... f5 $16 {was worth a try.} 43. Ke2 Ra4) 43. Ke2 f6 $2 (43... Rc4 44. Re3+ Kf6) 44. Rf4 {And now Rxd4 would win.} Rd8 45. g4 Rh8 46. h5 Ra8 47. Rf5 Ra2+ 48. Kd3 Ra3+ 49. Kc2 c4 50. f3 $2 (50. Kd2 $18) 50... Rd3 $14 51. h6 ({Better is} 51. Kb2 $16) 51... Kf7 $1 $11 {The position is equal.} 52. h7 Kg7 53. Rxf6 Kxh7 54. g5 Kg7 55. f4 {Black must now prevent Rc6.} Rf3 $1 56. Kd2 c3+ 57. Kc2 Kg8 58. Rf5 Kg7 59. Kb3 Kg6 60. Rf8 Kg7 {Accuracy: White = 59%, Black = 44%.} 1/2-1/2

[Event "XXX Torre Memorial 2018"]
[Site "Merida"]
[Date "2018.12.17"]
[Round "6"]
[White "Vorontsov, Pavlo"]
[Black "Barrientos, Sergio E"]
[Result "0-1"]
[WhiteElo "2548"]
[BlackElo "2499"]
[Annotator "TA"]
[PlyCount "54"]
[EventDate "2018.12.15"]
[EventType "swiss"]
[EventCountry "MEX"]
[SourceTitle "playchess.com"]
[Source "ChessBase"]
[SourceQuality "1"]

{[%evp 28,54,16,11,53,65,43,0,0,0,0,0,2,-25,-34,-35,-29,-18,0,0,0,0,0,0,10,18,14,-260,-251]} 1. c4 Nf6 2. Nc3 e6 3. e4 {[%cal Be2e4,Be4e5][%mdl 32]} c5 4. e5 Ng8 5. Nf3 Nc6 6. d4 cxd4 7. Nxd4 Nxe5 8. Ndb5 f6 9. Be3 a6 10. Nd6+ Bxd6 11. Qxd6 Ne7 {A19: English Opening: Flohr-Mikenas System with 3...c5} 12. Bb6 Nf5 13. Qb4 Nc6 14. Qc5 Qe7 (14... d6 15. Bxd8 dxc5 16. Bb6 e5 17. O-O-O Ncd4 18. Bxc5 Bd7 19. Bd3 {½-½ (30) Giri,A (2767)-Dubov,D (2648) Novi Sad 2016}) 15. O-O-O {LiveBook: 6 Games} d6 (15... Qxc5 {seems wilder.} 16. Bxc5 d6 17. Bxd6 Nxd6 18. Rxd6 Ke7) 16. Qa3 O-O {[#]} 17. Bd3 $146 ({Predecessor:} 17. f4 e5 18. c5 Be6 19. cxd6 Qf7 20. Bd3 Nfd4 21. fxe5 Nb5 {½-½ (36) Tomashevsky,E (2646)-Khairullin,I (2575) Serpukhov 2008}) 17... Ne5 18. Bxf5 {[#] Black must now prevent Bd3.} Nxc4 19. Qb3 Nxb6 20. Rhe1 {[%cal Rf5e6]} Qc7 21. Bxe6+ Kh8 22. Qb4 Bxe6 23. Rxe6 Nc4 24. b3 $1 Ne5 25. Kb2 a5 26. Qxd6 Qf7 {[#] Threatens to win with ...Ra6.} 27. f4 $2 {[%mdl 8192]} (27. Qd5 $11) 27... Ra6 0-1

[Event "XXX Torre Memorial 2018"]
[Site "Merida"]
[Date "2018.12.17"]
[Round "6"]
[White "Almeida Quintana, Omar"]
[Black "Rios, Cristhian Camilo"]
[Result "1/2-1/2"]
[WhiteElo "2545"]
[BlackElo "2467"]
[Annotator "TA"]
[PlyCount "79"]
[EventDate "2018.12.15"]
[EventType "swiss"]
[EventCountry "MEX"]
[SourceTitle "playchess.com"]
[Source "ChessBase"]
[SourceQuality "1"]

{[%evp 10,79,40,36,39,40,41,20,24,21,10,15,21,34,22,32,37,-36,-14,-16,-13,-34,0,-38,0,0,0,-11,24,13,8,13,60,53,41,50,60,61,48,53,45,8,8,8,7,7,64,62,52,18,27,23,89,74,103,100,141,117,166,166,153,94,102,29,45,40,40,0,35,0,35,0]} 1. d4 Nf6 2. Nf3 e6 3. c4 d5 4. Nc3 Bb4 5. Qb3 Nc6 6. a3 {LiveBook: 5 Games. E22: Nimzo-Indian: 4 Qb3} (6. Bg5 a5 7. a3 a4 8. Qc2 Bxc3+ 9. bxc3 Na5 10. Qxa4+ Bd7 11. Qb4 Nxc4 12. e3 Ra4 13. Qxb7 Nxa3 14. Rc1 {½-½ (30) Shimanov,A (2642)-Nyzhnyk,I (2610) Saint Louis 2017}) 6... Ba5 7. e3 O-O 8. Bd3 e5 $146 ({Predecessor:} 8... dxc4 9. Qxc4 Bxc3+ 10. Qxc3 Qd5 11. O-O b6 12. Re1 Ne4 13. Qc2 f5 {1-0 (57) Cheela Naga,S (1873)-Pruthu,D (2108) Saravanampatty 2017}) 9. Nxe5 Nxe5 10. dxe5 dxc4 11. Bxc4 Ng4 12. f4 Bb6 13. Ne4 (13. Bd2 $14) 13... Bf5 14. Nf2 $1 Nxf2 15. Kxf2 Be4 16. h4 Qd7 17. e6 Qd6 {[#] Threatens to win with ...Qxf4+.} 18. Kg3 $1 Rad8 19. exf7+ Kh8 $132 {[%mdl 2048] ( -> ...Qg6+). Black is not keeping still} 20. h5 Qc6 21. Qb5 $1 Bxg2 {White must now prevent ...Qf3+.} 22. Qxc6 Bxc6 23. Rh2 {Strongly threatening Rd2.} Bd5 $1 {[%cal Rd5c4]} 24. Bxd5 Rxd5 25. h6 Rxf7 26. hxg7+ Rxg7+ 27. Kf3 Rd3 (27... Rg1 $11 28. b4 Kg8) 28. Bd2 $14 Re7 {[%cal Rb6e3]} 29. Re1 Kg8 30. Rhe2 Kf7 (30... Bd4 $11 {remains equal.}) 31. Bc3 c6 32. Be5 Bc7 33. Bd4 Bb6 34. Bxb6 axb6 $18 {[%mdl 4096] Endgame [#] KRR-KRR} 35. Rh1 (35. f5 $142 $1) 35... Kf6 $16 36. Rh5 (36. a4 $16) 36... Kg6 $1 $11 {[%cal Rg6h5]} 37. Rg5+ Kf6 38. Rh5 Kg6 $1 {[%cal Rg6h5]} 39. Rg5+ Kf6 40. Rh5 {Accuracy: White = 58%, Black = 51%.} 1/2-1/2

[Event "XXX Torre Memorial 2018"]
[Site "Merida"]
[Date "2018.12.17"]
[Round "6"]
[White "Martinez Duany, Lelys Stanley"]
[Black "Fernandez Cardoso, Alexey"]
[Result "1-0"]
[WhiteElo "2536"]
[BlackElo "2417"]
[Annotator "TA"]
[PlyCount "55"]
[EventDate "2018.12.15"]
[EventType "swiss"]
[EventCountry "MEX"]
[SourceTitle "playchess.com"]
[Source "ChessBase"]
[SourceQuality "1"]

{[%evp 19,55,38,17,9,29,2,30,-20,0,-4,25,-33,-16,-44,-39,-49,-31,-70,-39,-58,0,-8,-13,-43,187,185,243,255,242,260,252,256,258,237,596,587,558,562]} 1. d4 Nf6 2. g3 g6 3. Bg2 Bg7 4. e4 d6 5. Ne2 O-O 6. O-O e5 7. Nbc3 c6 8. h3 exd4 9. Nxd4 Nbd7 10. a4 a5 {LiveBook: 7 Games. B07: Pirc Defence: Miscellaneous Systems} 11. Nb3 (11. Bg5 Re8 12. Nb3 Ne5 13. Qc1 Qc7 14. Rd1 Be6 15. Nd4 Ned7 16. Bh6 Nc5 17. g4 Bxh6 18. Qxh6 {0-1 (52) Bryant,J (2363)-Gelashvili,T (2600) Las Vegas 2012}) 11... Qc7 12. Be3 Re8 {The position is equal.} 13. Nd2 $146 ({Predecessor:} 13. g4 Ne5 14. Nd2 b6 15. g5 Nh5 16. f4 Nd7 17. Qf3 Bb7 18. Nb3 Bxc3 19. bxc3 {½-½ (47) Fenil,S (2267)-Anuj,S (1920) Barcelona 2017}) 13... b6 14. Re1 Ba6 15. Qb1 ({White should try} 15. Nb3 $11) 15... Rad8 16. Qa2 Nc5 17. Rad1 h6 18. f4 Kh7 19. Bf2 {[#]} g5 ({Better is} 19... d5 $1 $15 {[%mdl 512]}) 20. fxg5 hxg5 21. Nf3 Bh6 $2 {[#]} (21... g4 $15 {stays ahead.} 22. Ng5+ Kg8) 22. e5 $1 $18 {[%cal Re5f6][%mdl 512]} g4 (22... dxe5 {is a better defense.} 23. Rxd8 Rxd8) 23. exd6 ({Not} 23. exf6 gxf3 24. Bxf3 d5 $11) 23... Rxe1+ 24. Bxe1 ({Less strong is} 24. Nxe1 Qd7 $14) 24... Rxd6 25. Rxd6 Qxd6 26. Qxf7+ Kh8 $2 (26... Bg7 {is tougher.}) 27. Nh4 {[%cal Rh4g6]} Bg7 {[#]} 28. Qxg7+ $1 {[%mdl 512] Precision: White = 36%, Black = 12%.} 1-0

[Event "XXX Torre Memorial 2018"]
[Site "Merida"]
[Date "2018.12.17"]
[Round "6"]
[White "Henriquez Villagra, Cristobal"]
[Black "Bok, Benjamin"]
[Result "0-1"]
[WhiteElo "2514"]
[BlackElo "2643"]
[Annotator "TA"]
[PlyCount "50"]
[EventDate "2018.12.15"]
[EventType "swiss"]
[EventCountry "MEX"]
[SourceTitle "playchess.com"]
[Source "ChessBase"]
[SourceQuality "1"]

{[%evp 22,50,0,0,0,-53,-49,-60,-17,-83,-70,-78,-76,-91,-98,-112,-118,-139,-126,-143,-143,-142,-129,-213,-212,-258,-268,-242,-244,-391,-388]} 1. e4 e5 2. Nf3 Nc6 3. Bb5 Nf6 4. d3 Bc5 5. c3 O-O 6. Nbd2 d6 7. O-O Ne7 {C65: Ruy Lopez: Berlin Defence (3...Nf6), unusual lines and 4 0-0 Bc5} 8. h3 $146 ({Predecessor:} 8. Ba4 Ng6 9. d4 Bb6 10. Bc2 c6 11. h3 exd4 12. cxd4 d5 13. e5 Nh5 14. Re1 Nhf4 15. Nf1 {0-1 (25) Kasimdzhanov,R (2700)-Giri,A (2752) Rosmalen 2014}) 8... c6 9. Ba4 Ng6 10. d4 Bb6 11. Re1 exd4 12. cxd4 {LiveBook: 3 Games} d5 13. e5 (13. Bc2 $11) 13... Nh5 $1 $15 14. Nf1 f6 15. Bc2 (15. e6 $11 {keeps the balance.} Re8 16. g3) 15... Nhf4 $17 16. N1h2 fxe5 {[#] White must now prevent ...e4.} 17. dxe5 Bf5 18. Be3 Qd7 19. Bxf5 Qxf5 20. Qb3 Rae8 21. Bxb6 axb6 22. Qxb6 (22. Qe3 $17 {was called for.}) 22... Nxe5 $40 {[%mdl 128] Black wants a kill.} 23. Rxe5 Rxe5 24. Nxe5 Qxe5 25. Ng4 (25. Qb3 $142) 25... Qg5 0-1